| 000 | 00551nam a2200193Ia 4500 | ||
|---|---|---|---|
| 005 | 20250820133410.0 | ||
| 008 | 008 250516s9999 xx 000 0 hin d | ||
| 020 | _a9789392998935 | ||
| 040 |
_beng _cSDCL |
||
| 041 |
_ahin _2hin |
||
| 084 | _aQ22:223 R4 | ||
| 100 |
_aRai, Anil _9407229 |
||
| 245 | 0 | _aBhakti Samvedna Aur Manav Mulya | |
| 246 | _aभक्ति संवेदना और मानव मूल्य | ||
| 260 |
_aDelhi: _bNayee Kitab Prakashan, _c2024. |
||
| 300 | _a168p. | ||
| 650 | _aHindi | ||
| 942 |
_cTEXL _2CC |
||
| 999 |
_c1429305 _d1429305 |
||